书目信息 |
| 题名: |
深圳湾海域游泳生物图鉴
|
|
| 作者: | 周凯 , 蔡文贵 , 洪宇 编著 | |
| 分册: | ||
| 出版信息: | 北京 中国农业出版社 2016.8 |
|
| 页数: | 89页 | |
| 开本: | 26cm | |
| 丛书名: | ||
| 单 册: | ||
| 中图分类: | Q178.53-64 | |
| 科图分类: | ||
| 主题词: | 海洋游泳生物--深圳--图集 | |
| 电子资源: | ||
| ISBN: | 978-7-109-20922-0 | |
| 000 | 01064nam0 2200253 450 | |
| 001 | 0400004108 | |
| 005 | 20171023134705.0 | |
| 010 | @a978-7-109-20922-0@dCNY90.00 | |
| 100 | @a20171023e20172016em y0chiy ea | |
| 101 | 0 | @achi@eeng |
| 102 | @aCN@b110000 | |
| 105 | @aa z 000yy | |
| 106 | @ar | |
| 200 | 1 | @a深圳湾海域游泳生物图鉴@9shen zhen wan hai yu you yong sheng wu tu jian@f周凯,蔡文贵,洪宇等编著 |
| 210 | @a北京@c中国农业出版社@d2016.8@h2017.2 | |
| 215 | @a89页@d26cm | |
| 330 | @a本书作者通过2013年5月至2014年4月一周年的调查,共记录了深圳湾较为常见且经济价值较高的游泳生物85种,其中鱼类56种、甲壳类26种、头足类3种,并在深入分析和研究所记录的游泳生物数据和资料的基础上,形成这本专著。全书对记录的各种游泳生物的形态特征、生活习性进行了记述,配有高清彩图,并给出了中国乃至全球的分布海域范围。 | |
| 606 | 0 | @a海洋游泳生物@y深圳@j图集 |
| 690 | @aQ178.53-64@v5 | |
| 701 | 0 | @a周凯@9zhou kai@4编著 |
| 701 | 0 | @a蔡文贵@9cai wen gui@4编著 |
| 701 | 0 | @a洪宇@9hong yu@4编著 |
| 801 | 0 | @aCN@b91MARC@c20171023 |
| 905 | @b1037006-10@dQ178.53-64@f5@e225 | |
| 深圳湾海域游泳生物图鉴/周凯,蔡文贵,洪宇等编著.-北京:中国农业出版社,2016.8(2017.2) |
| 89页;26cm |
| ISBN 978-7-109-20922-0:CNY90.00 |
| 本书作者通过2013年5月至2014年4月一周年的调查,共记录了深圳湾较为常见且经济价值较高的游泳生物85种,其中鱼类56种、甲壳类26种、头足类3种,并在深入分析和研究所记录的游泳生物数据和资料的基础上,形成这本专著。全书对记录的各种游泳生物的形态特征、生活习性进行了记述,配有高清彩图,并给出了中国乃至全球的分布海域范围。 |
| ● |
| 相关链接 |
|
|
|
|
正题名:深圳湾海域游泳生物图鉴
索取号:Q178.53-64/225
 
预约/预借
| 序号 | 登录号 | 条形码 | 馆藏地/架位号 | 状态 | 备注 |
| 1 | 1037006 | 210370061 | 第二样本阅览室/ [索取号:Q178.53-64/225] | 在馆 | |
| 2 | 1037007 | 210370070 | 密集书库-生命科学系/ [索取号:Q178.53-64/225] | 在馆 | |
| 3 | 1037008 | 210370089 | 第三借阅区/ [索取号:Q178.53-64/225] | 在馆 | |
| 4 | 1037009 | 210370098 | 第三借阅区/ [索取号:Q178.53-64/225] | 在馆 | |
| 5 | 1037010 | 210370105 | 第三借阅区/ [索取号:Q178.53-64/225] | 在馆 |